La procédure de divorce en droit français - Statistiques

Statistiques générales
  • Ce quiz a été pris 216 fois
    212 depuis la dernière actualisation
  • Le résultat moyen est 7 sur 10
Statistiques - réponses
Question Réponse % Correct
Est-il possible de divorcer sans passer devant le Juge aux Affaires Familiales ? Oui
95%
Est-il nécessaire de vendre la maison commune avant l'audience devant le Juge ? Non
92%
Quelle est le but d'une prestation compensatoire ? Une contribution financière par un époux à l'autre pour palier la disparité de revenu que la rupture a engendrée
88%
Un époux peut-il conserver l'usage du nom de l'autre après le divorce ? Oui
87%
Quel type de divorce n'est pas prévu par la loi ? Divorce contesté
86%
Est-il possible de demander un divorce pour faute si un époux est infidèle ? Oui
84%
L'avocat est-il obligatoire dans le cadre de la procédure de divorce ? Oui, chaque époux doit avoir son propre avocat.
54%
A quelle date le mariage est-il dissout à l'égard des tiers ? Au jour d'inscription sur les actes d'état civil
45%
Quelle conséquence n'est pas prévue par la loi pour le non-paiement de pension alimentaire ? L'interdiction d'accueillir les enfants à son domicile.
40%
Un époux peut-il obtenir des dommages et intérêts si l'autre époux refuse d'avoir des relations sexuelles avec lui ? Oui
35%
Aucun quiz correspondant
Distribution des résultats
% des personnes avec chaque résultat
Percentile par nombre de réponses
Votre historique - résultats
Vous n’avez pas pris ce quiz depuis la dernière actualisation